Let's go, Froggy! / (Record no. 3327)

MARC details
000 -LEADER
fixed length control field 01007pam a2200301 a 4500
005 - DATE AND TIME OF LATEST TRANSACTION
control field 20250702103237.0
020 ## - INTERNATIONAL STANDARD BOOK NUMBER
International Standard Book Number 9780590621861
040 ## - CATALOGING SOURCE
Original cataloging agency DLC
Transcribing agency DLC
Modifying agency DLC
Language of cataloging eng
050 00 - LIBRARY OF CONGRESS CALL NUMBER
Classification number PZ7.L8432
Item number 1994
082 00 - DEWEY DECIMAL CLASSIFICATION NUMBER
Classification number 597.89
100 1# - MAIN ENTRY--PERSONAL NAME
Personal name London, Jonathan
Dates associated with a name 1947-
245 10 - TITLE STATEMENT
Title Let's go, Froggy! /
Statement of responsibility, etc. by Jonathan London ; illustrated by Frank Remkiewicz.
250 ## - EDITION STATEMENT
Edition statement First Scholastic printing , March 1996
260 ## - PUBLICATION, DISTRIBUTION, ETC.
Place of publication, distribution, etc. New York :
Name of publisher, distributor, etc. Scholastic,
Date of publication, distribution, etc. 1994
300 ## - PHYSICAL DESCRIPTION
Extent 32 unnumbered pages :
Other physical details color illustrations ;
Dimensions 21 cm .
490 ## - SERIES STATEMENT
Series statement Froggy
505 ## - FORMATTED CONTENTS NOTE
Formatted contents note G <br/>
520 ## - SUMMARY, ETC.
Summary, etc. Froggy and his father search the house for the mislaid items they will need on their bike trip.
521 ## - TARGET AUDIENCE NOTE
Target audience note 420 <br/>
Source Lexile <br/>
521 ## - TARGET AUDIENCE NOTE
Target audience note G <br/>
Source Raz-Plus <br/>
650 #1 - SUBJECT ADDED ENTRY--TOPICAL TERM
Topical term or geographic name entry element Frogs
General subdivision Fiction
650 #1 - SUBJECT ADDED ENTRY--TOPICAL TERM
Topical term or geographic name entry element Fathers and sons
General subdivision Fiction
650 #1 - SUBJECT ADDED ENTRY--TOPICAL TERM
Topical term or geographic name entry element Lost and found possessions
General subdivision Fiction
700 1# - ADDED ENTRY--PERSONAL NAME
Personal name Remkiewicz, Frank
Relator term illustrator
906 ## - LOCAL DATA ELEMENT F, LDF (RLIN)
a 7
b cbc
c orignew
d 1
e ocip
f 19
g y-gencatlg
942 ## - ADDED ENTRY ELEMENTS (KOHA)
Source of classification or shelving scheme Dewey Decimal Classification
Koha item type Books
Suppress in OPAC No
999 ## -
-- 3327
-- 3327
Holdings
Withdrawn status Lost status Source of classification or shelving scheme Damaged status Not for loan Collection Home library Current library Shelving location Date acquired Total Checkouts Full call number Barcode Date last seen Date last checked out Copy number Price effective from Koha item type
    Dewey Decimal Classification     Juvenile Fiction Footprints International School Library Network Toul Kork Campus Footprints International School Library Network Toul Kork Campus TK Primary Library Room(4th Floor), Bookcase 1&2, Shelves 1-16, Dark Blue Books 07/02/2025   LON 597.89 PZ7.L8432 FISTK01519 07/02/2025   2 07/02/2025 Books
    Dewey Decimal Classification     Juvenile Fiction Footprints International School Library Network Toul Tom Poung Campus Footprints International School Library Network Toul Tom Poung Campus TTP Primary Dark Blue Bookshelves 02/27/2024 1 LON 597.89 PZ7.L8432 FISBK06009 04/08/2024 03/25/2024 1 02/27/2024 Books